Statistics for Every Europa League Runner Up

Click here to take the quiz!

General Stats

  • This quiz has been taken 12 times
    (7 since last reset)
  • The average score is 18 of 52

Answer Stats

YearAnswer% Correct
2023Roma
100%
2019Arsenal
83%
2000Arsenal
83%
2017Ajax
67%
2014Benfica
67%
2013Benfica
67%
1983Benfica
67%
2020Inter Milan
67%
1997Inter Milan
67%
1995Juventus
67%
2016Liverpool
67%
2022Rangers
67%
2008Rangers
67%
1974Tottenham
67%
2003Celtic
50%
1998Lazio
50%
2004Marseille
50%
2018Marseille
50%
1999Marseille
50%
1984Anderlecht
33%
2011Braga
33%
1976Club Brugge
33%
2015Dnipro
33%
1993Dortmund
33%
2002Dortmund
33%
1988Espanyol
33%
2007Espanyol
33%
2010Fulham
33%
1994Salzburg
33%
2009Werder Bremen
33%
2001Deportivo Alavés
17%
1982Hamburg
17%
1986Köln
17%
2021Man Utd
17%
2006Middlesborough
17%
1980Monchengladbach
17%
1979Red Star Belgrade
17%
1991Roma
17%
1989Stuttgart
17%
1977Athletico Bilbao
0%
2012Athletico Bilbao
0%
1981AZ Alkmaar
0%
1978Bastia
0%
1996Bordeaux
0%
1987Dundee United
0%
1985Fehévár
0%
1990Fiorentina
0%
1973Munchengladbach
0%
2005Sporting CP
0%
1992Torino
0%
1975Twente
0%
1972Wolves
0%

Score Distribution

Percentile by Number Answered

Percent of People with Each Score

Your Score History

You have not taken this quiz since the last reset